[Event "Dortmund1"]
[Site "Dortmund"]
[Date "2006.10.05"]
[Round "1.1"]
[White "Buedel, Juergen"]
[Black "Warsitz, Andreas"]
[Result "1/2-1/2"]
[WhiteElo "1660"]
[BlackElo "1580"]
[PlyCount "52"]
[EventDate "2006.10.15"]
[EventType "swiss"]
[EventRounds "9"]
[EventCountry "GER"]
[SourceTitle "EXT 2007"]
[Source "ChessBase"]
[SourceDate "2006.11.23"]
[SourceVersion "1"]
[SourceVersionDate "2006.11.23"]
[SourceQuality "1"]

1. c4 Nf6 2. Nc3 e6 3. Nf3 b6 4. d3 Bb7 5. Bg5 Be7 6. g3 h6 7. Bd2 c5 8. Bg2 Nc6 9. 0-0 0-0 10. Rb1 d5 11. cxd5 Nxd5 12. a3 Nxc3 13. bxc3 c4 14. Nd4 Nxd4 15. Bxb7 Rb8 16. Be4 Nb3 17. Be3 Nc5 18. Bxc5 Bxc5 19. a4 cxd3 20. exd3 e5 21. Qb3 Qf6 22. Kg2 g5 23. Qd1 Qe6 24. Qf3 Rbd8 25. c4 Kg7 26. Bf5 Qf6 1/2-1/2